000 01459nam a2200301 i 4500
003 DO-SdBNP
005 20240422100425.0
007 ta
008 240422s2001 dr 000 j spa d
020 _a9993481709
040 _aDO-SdBNP
_bspa
_cBNPHU
_erda
082 _bU15
_222
100 _aUbiñas Renville, Guaroa,
_d1944-
_96462
245 1 3 _aLa leyenda de Enrique Blanco /
_cGuaroa Ubiñas Renville
246 1 0 _aEnrique Blanco /
264 1 _aSanto Domingo :
_bLetra Gráfica,
_c2001.
300 _a12 páginas,
_c21 cm.
336 _2rdacontent
_atexto
_btxt
337 _2rdamedia
_asin mediación
_bn
338 _2rdacarrier
_avolumen
_bnc
490 _aLeyendas dominicanas
_v3
490 _aColección de historias, mitos y leyendas
500 _aIncluye datos biografícos del autor en la contraportada.
520 _aAunque no existen datos fidedignos que lo comprueben, corrió la versión de que Enrique Blanco era el mejor tirador del ejército y que, estando de puesto en la Fortaleza Ozama, desertó de sus filas en el año 1933 (otros autores sostienen que en 1932) iniciando a partir de entonces una vida nómada y rebelde en las estribaciones del Cibao, momento en el cual comenzaron a tejerse en torno al personaje las versiones encontradas y disímiles que hasta hoy han hecho casi imposible reconstruir su verdadera fisonomía histórica.
590 _aInventariado, 2024/ YL
910 _aYLockward
942 _2ddc
_cLF2
999 _c56476
_d56476